000 03152cam a22002774a 4500
005 20250605164107.0
008 250528s ||||||||||||||||||||||||d
035 _a17779
020 _a9786188189614
040 _aGR-AtMCL
_bgre
_dGR-AtMCL
_eAACR2
245 1 _aΤοπική Αυτοδιοίκηση, Εκπαίδευση και Δια Βίου Μάθηση: Η Παιδεία και ο Πολιτισμός ως Πυλώνες Περιφερειακής Ανάπτυξης / 2ο Πανελλήνιο Επιστημονικό Συνέδριο με Διεθνή Συμμετοχή: Περιλήψεις Πρακτικών Συνεδρίου με Διεθνή Συμμετοχή
260 _bΙ.Α.Κ.Ε,
_c2016
300 _a296
520 _aΠροσκεκλημένοι Ομιλητές, Συμπόσια, Σεμινάρια Ειδίκευσης, Περιλήψεις Ανακοινώσεων Παράλληλων Συνεδρίων, Αποκέντρωση της Εκπαίδευσης και Περιφερειακή Ανάπτυξη, Εκπαίδευση και Τοπική Αυτοδιοίκηση στην Ευρωπαϊκή Ένωση, Εκπαίδευση και Οικονομία και Επιχειρηματικότητα, Εκπαιδευτικές Δομές της Τοπικής Αυτοδιοίκησης (Δια Βίου Μάθηση), Εκπαιδευτικές Πολιτικές με Αναφορά στην Αυτοδιοίκηση, Εκπαιδευτική Πολιτική και Αυτοδιοικητικές Παρεμβάσεις, Ευάλωτες Κοινωνικές Ομάδες και Προσβασιμότητα, Ευρωπαϊκές Πολιτικές και Αυτοδιοίκηση, Θέματα Οργάνωσης και Διοίκησης Σχολικών Επιτροπών, Θρησκευτικός Πολιτισμός και Εκπαίδευση και Αυτοδιοίκηση, Καινοτόμες Δράσεις για την Πολιτιστική και Τουριστική και Κοινωνική Ανάπτυξη, Καινοτομία και Νέες Τεχνολογίες, Κοινωνία Πολιτών και Αυτοδιοίκηση, Κοινωνικό Κράτος και Κοινωνική Πολιτική και Αυτοδιοίκηση, Λειτουργίες της Εκπαίδευσης και Δομές της Αυτοδιοίκησης, Πολιτιστική Πολιτική και Διοίκηση, Σύγχρονες Προσεγγίσεις της Δια Βίου Μάθησης, Αναρτημένες Ανακοινώσεις.
700 1 _aΚαδιανάκη Μαρία Ι
_94022
700 1 _aΜαράκη Ελένη Π
_94023
700 1 _aΜπελαδάκης Εμμανουήλ Δ
_94024
700 1 _aΝτρουμπογιάννης Χρήστος Σ
_94026
700 1 _aΠανταζής Σπύρος Χ
_94025
700 1 _aΣηφακάκης Πολυχρόνης Ε
_94027
700 1 _aΣτριλιγκάς Γεώργιος Ε
_94028
700 1 _aΤζωρτζάκης Ιωάννης Α
_94029
942 _cBK
999 _c3179
_d3179